| 000 | 00724nam a22002537a 4500 | ||
|---|---|---|---|
| 003 | dpl | ||
| 005 | 20170124105950.0 | ||
| 008 | 161212b xxu||||| |||| 00| 0 eng d | ||
| 010 | _aA-119421 | ||
| 020 | _c32.00 | ||
| 035 | _aA-119421 | ||
| 037 | _bCen Lib/Ret | ||
| 040 |
_aDPL _bEN _cTIT |
||
| 082 |
_a291 _bDUR |
||
| 100 |
_aDurrany, Mohmmad Khan _913383 |
||
| 245 |
_aGita & the quran : _cby Mohammad Khan Durrany _bcomparative study / |
||
| 260 |
_a Delhi _bNag publishers _c1982 |
||
| 270 |
_b Delhi _aJawahar lal nagar |
||
| 300 |
_a308p. _c20cm(Hb) |
||
| 500 | _aIncludes bibliographical references | ||
| 650 |
_aHinduism _913384 |
||
| 650 |
_aIslam _95289 |
||
| 942 |
_2ddc _cEN _h291 _mDUR |
||
| 999 |
_c125210 _d125210 |
||